<?xml version='1.0' encoding='UTF-8'?>
  <record xmlns="http://www.loc.gov/MARC21/slim">
    <leader>00000cam a2200000Mi 4500</leader>
    <controlfield tag="001">ocm66796396</controlfield>
    <controlfield tag="003">OCoLC</controlfield>
    <controlfield tag="005">20240127100239.6</controlfield>
    <controlfield tag="008">031214s1573    gw            000 0 ger d</controlfield>
    <datafield tag="040" ind1=" " ind2=" ">
      <subfield code="a">NLGGC</subfield>
      <subfield code="b">dut</subfield>
      <subfield code="e">fobidrtb</subfield>
      <subfield code="c">NLGGC</subfield>
      <subfield code="d">OCLCL</subfield>
    </datafield>
    <datafield tag="029" ind1="0" ind2=" ">
      <subfield code="a">NLGGC</subfield>
      <subfield code="b">257640762</subfield>
    </datafield>
    <datafield tag="035" ind1=" " ind2=" ">
      <subfield code="a">(OCoLC)66796396</subfield>
    </datafield>
    <datafield tag="245" ind1="0" ind2="0">
      <subfield code="a">Eygentliche und wahre neüwe Zeitung, was sich auff den Heiligen Pfingstage, dises jetzt lauffenden MDLXXIII Jars, für ein teufelisch Gesicht zu Weymar im Land Saxen, zwischen Samuel N. dem Caplan daselbst, eins, und Miro, so von Churfürstlicher Durchleuchtigkeit, daselbst hin zu predigen gesandt worden, anders Theils, verlauffen und zugetragen hatt, etc. /</subfield>
      <subfield code="c">cui adjectum in fine Carmen Catharini, quo tota historia continetur.</subfield>
    </datafield>
    <datafield tag="260" ind1=" " ind2=" ">
      <subfield code="a">Zu Cölln :</subfield>
      <subfield code="b">durch Samuel Emmel von Strassburg [etc.],</subfield>
      <subfield code="c">1573.</subfield>
    </datafield>
    <datafield tag="300" ind1=" " ind2=" ">
      <subfield code="a">[6] p. ;</subfield>
      <subfield code="c">19 cm.</subfield>
    </datafield>
    <datafield tag="336" ind1=" " ind2=" ">
      <subfield code="a">tekst</subfield>
      <subfield code="b">txt</subfield>
      <subfield code="2">rdacontent/dut</subfield>
    </datafield>
    <datafield tag="337" ind1=" " ind2=" ">
      <subfield code="a">zonder medium</subfield>
      <subfield code="b">n</subfield>
      <subfield code="2">rdamedia/dut</subfield>
    </datafield>
    <datafield tag="338" ind1=" " ind2=" ">
      <subfield code="a">band</subfield>
      <subfield code="b">nc</subfield>
      <subfield code="2">rdacarrier/dut</subfield>
    </datafield>
    <datafield tag="510" ind1="0" ind2=" ">
      <subfield code="a">VD 16.1 niet</subfield>
    </datafield>
    <datafield tag="700" ind1="1" ind2=" ">
      <subfield code="a">Catharinus, Winandus.</subfield>
    </datafield>
    <datafield tag="758" ind1=" " ind2=" ">
      <subfield code="a">Eygentliche und wahre neüwe Zeitung, was sich auff den Heiligen Pfingstage, dises jetzt lauffenden MDLXXIII Jars, für ein teufelisch Gesicht zu Weymar im Land Saxen, zwischen Samuel N. dem Caplan daselbst, eins, und Miro, so von Churfürstlicher Durchleuchtigkeit, daselbst hin zu predigen gesandt worden, anders Theils, verlauffen und zugetragen hatt, etc (Text)</subfield>
      <subfield code="1">https://id.oclc.org/worldcat/entity/E39PCXpcbB7WhPGtC6tHqkj4D3</subfield>
      <subfield code="4">https://id.oclc.org/worldcat/ontology/hasWork</subfield>
    </datafield>
  </record>